01361cam a2200217 a 45000010009000000050017000090080041000260100017000670150016000840200015001000400013001150500023001281000018001512450068001692600052002373000035002895040020003245050744003446500020010887000035011081373671620210414113902.0040930s2004 enka 001 0 eng d a 2004303058 aGB A4-Y1032 a0273646141 aDLCcDLC00aHB172.5b.N45 20041 aNellis, J. G.10aPrinciples of macroeconomics /cJoseph G. Nellis, David Parker. aHarlow :bFinancial Times Prentice Hall,c2004. axxii, 466 p. :bill. ;c24 cm. aIncludes index. aContents: Macroeconomics - concepts, aims and policy -- The Measurement of economic activity -- Modelling the economy - the circular flow of income -- The Determination of economic activity -- Aggregate demand and aggregate supply -- Management of the economy - an overview -- Fiscal policy and government finances -- Money, banking and interest rates -- Monetary policy -- Economic growth and supply-side economics -- Inflation - causes, consequences and policy implications -- Employment and unemployment - measurement and policy -- International trade - theory and policy -- Balance of payments -- Exchange rates -- Institutions in the international economy -- Understanding busines cycles -- Market forces and macroeconomic management. 0aMacroeconomics.1 aParker, David,d1949 Sept. 28-